Parcours de Alcaraz à Roland Garros 2025 - Statistiques

Statistiques générales
  • Ce quiz a été pris 111 fois
  • Le résultat moyen est 4 sur 7
Statistiques - réponses
Hint Réponse % Correct
Finale Sinner (4-6 6-7 6-4 7-6 7-6)
100%
Demi-Finale Musetti (4-6 7-6 6-0 2-0)
78%
4ème Tour Shelton (7-6 6-3 4-6 6-4)
75%
Quart de Finale Paul (6-0 6-1 6-4)
64%
3ème Tour Dzumhur (6-1 6-3 4-6 6-4)
42%
2ème Tour Marozsan (6-1 4-6 6-1 6-2)
32%
1er Tour Zeppieri (6-3 6-4 6-2)
19%
Aucun quiz correspondant
Distribution des résultats
% des personnes avec chaque résultat
Percentile par nombre de réponses
Votre historique - résultats
Vous n’avez pas pris ce quiz